00440 2200181 4500001002100000008004100021035002000062245002000082100001500102260003700117300002000154020002200174084001400196082000800210650001000218990001500228990001500243INLIS000000000003193 ind  a0010-1225000014 aRasacTere Liye aLiye, Tere aDepok :bPT Sabak Grip Nusantara a421c13,5x20 cm a978-623-97262-3-2 a813 LIY r a813 aFiksi a19618/B/26 a19619/B/26